[Event "Ïåðâåíñòâî Ìîñêâû"]
[Site "ÐœÐ¾Ñ�ÐºÐ²Ð°, ÐœÐ“Ð˜ÐœÐž Ð¿Ñ€."]
[Date "2018.11.20"]
[Round "4.4"]
[White "Belikov, Semen"]
[Black "Kurkin, Aleksandr"]
[Result "1/2-1/2"]
[WhiteElo "1959"]
[BlackElo "1556"]
[PlyCount "93"]
[EventDate "2018.11.18"]

1. e4 g6 2. d4 c5 3. d5 Bg7 4. Nc3 d6 5. Bb5+ Bd7 6. Bxd7+ Nxd7 7. Bg5 Qa5 8.
Nge2 Qb4 9. O-O Ngf6 10. f3 h6 11. Be3 Ne5 12. a3 Qxb2 13. Rb1 Qxa3 14. Rxb7
Nc4 15. Qb1 O-O 16. Bc1 Qa6 17. Qb5 Qxb5 18. Nxb5 Rab8 19. Rxb8 Rxb8 20. Nxa7
Ra8 21. Nc6 Ra2 22. Nxe7+ Kf8 23. Nc6 Rxc2 24. Nf4 Nd7 25. Nd3 Nce5 26. Ncxe5
Nxe5 27. Nxe5 Bxe5 28. Bxh6+ Ke7 29. Be3 Re2 30. Bf2 c4 31. Rc1 c3 32. f4 Bg7
33. Be1 Rxe4 34. Bxc3 Bxc3 35. Rxc3 Rxf4 36. Rd3 Kf6 37. g3 Rf5 38. Kg2 Ke5 39.
g4 Ke4 40. gxf5 Kxd3 41. fxg6 fxg6 42. Kf3 Kd4 43. Kf4 Kxd5 44. Kg5 Ke6 45.
Kxg6 d5 46. Kg5 Ke5 47. h4 1/2-1/2

[Event "Ïåðâåíñòâî Ìîñêâû"]
[Site "ÐœÐ¾Ñ�ÐºÐ²Ð°, ÐœÐ“Ð˜ÐœÐž Ð¿Ñ€."]
[Date "2018.11.20"]
[Round "4.5"]
[White "Gotsiuk, Denis"]
[Black "Lukyanenko, Artemiy"]
[Result "1/2-1/2"]
[WhiteElo "1895"]
[BlackElo "1921"]
[PlyCount "83"]
[EventDate "2018.11.18"]

1. d4 d6 2. Nf3 g6 3. c4 Bg7 4. Nc3 Nf6 5. e4 O-O 6. Be2 c5 7. O-O Bg4 8. Be3
Bxf3 9. Bxf3 cxd4 10. Bxd4 Nc6 11. Be3 Qc8 12. Be2 Nd7 13. Rc1 Nc5 14. f3 Ne6
15. Qd2 Re8 16. Rfd1 Qd8 17. Nd5 Ned4 18. c5 e6 19. Nf4 d5 20. exd5 exd5 21.
Bf1 Qg5 22. Kh1 Nf5 23. Bf2 d4 24. Re1 Be5 25. g3 Bxf4 26. gxf4 Qh5 27. Re4
Qxf3+ 28. Bg2 Qh5 29. Rce1 Red8 30. b4 a6 31. a4 Qh6 32. b5 axb5 33. axb5 Na5
34. Qd3 Qg7 35. Bh3 Qf6 36. Bg2 Kh8 37. Kg1 Kg8 38. Kh1 Kh8 39. Kg1 Kg8 40. Kh1
Kh8 41. Kg1 Kg8 42. Kh1 1/2-1/2

[Event "Ïåðâåíñòâî Ìîñêâû"]
[Site "ÐœÐ¾Ñ�ÐºÐ²Ð°, ÐœÐ“Ð˜ÐœÐž Ð¿Ñ€."]
[Date "2018.11.20"]
[Round "4.6"]
[White "Orlov, Aleksandr"]
[Black "Buniatyan, David"]
[Result "1-0"]
[WhiteElo "1872"]
[BlackElo "1827"]
[PlyCount "117"]
[EventDate "2018.11.18"]

1. d4 Nf6 2. Nf3 g6 3. c4 Bg7 4. Nc3 O-O 5. e4 d6 6. h3 c5 7. Be3 cxd4 8. Nxd4
Nc6 9. Be2 Bd7 10. O-O Nxd4 11. Bxd4 Bc6 12. Qd3 a5 13. Nd5 Nd7 14. Bxg7 Kxg7
15. Qd4+ e5 16. Qe3 Bxd5 17. cxd5 Qh4 18. Rac1 Nc5 19. Bd3 Rfc8 20. Bb1 Qf4 21.
Qa3 Qh4 22. Qe3 h5 23. f4 exf4 24. Rxf4 Qe7 25. Rcf1 Rf8 26. Qd4+ Kg8 27. Qf6
Qxf6 28. Rxf6 Ra6 29. Rc1 Nd7 30. Rf3 Rb6 31. b3 Re8 32. Rc7 Ne5 33. Rfc3 Kg7
34. a3 Kf6 35. Kf2 Re7 36. Rxe7 Kxe7 37. Ke3 Kd7 38. Bd3 Nxd3 39. Kxd3 Ra6 40.
Kc4 Rb6 41. Kd4 Ra6 42. Rf3 Ke7 43. Rc3 Kd7 44. Kc4 Rb6 45. g4 hxg4 46. hxg4
Ke7 47. Rf3 Ke8 48. g5 Ke7 49. Rf6 a4 50. b4 Ra6 51. Rf3 Ra8 52. Kb5 Rh8 53.
Kb6 Rh4 54. Re3 Rg4 55. Kc7 Rxg5 56. e5 Rxe5 57. Rxe5+ dxe5 58. d6+ Ke6 59. d7
1-0

[Event "Ïåðâåíñòâî Ìîñêâû"]
[Site "ÐœÐ¾Ñ�ÐºÐ²Ð°, ÐœÐ“Ð˜ÐœÐž Ð¿Ñ€."]
[Date "2018.11.20"]
[Round "4.7"]
[White "Vetokhin, Savva"]
[Black "Plaksin, Igor"]
[Result "1/2-1/2"]
[WhiteElo "1874"]
[BlackElo "1893"]
[PlyCount "116"]
[EventDate "2018.11.18"]

1. e4 e5 2. Nf3 Nc6 3. Bb5 a6 4. Bxc6 dxc6 5. O-O Bg4 6. h3 Bxf3 7. Qxf3 Bd6 8.
d3 Qd7 9. Nd2 O-O-O 10. Nc4 f6 11. Qe3 Kb8 12. f4 exf4 13. Qe2 Bc5+ 14. Kh2 g5
15. b4 Bd4 16. Rb1 Ne7 17. Qh5 Qe8 18. Qxe8 Rdxe8 19. Bd2 Be5 20. Rbd1 h5 21.
Kg1 Rhg8 22. Kf2 g4 23. Ke2 gxh3 24. gxh3 Rg2+ 25. Rf2 Reg8 26. Rdf1 b5 27. Na5
Bd4 28. Rxg2 Rxg2+ 29. Kd1 Rh2 30. Bxf4 Rxh3 31. Kd2 h4 32. Nb3 Be5 33. Bxe5
fxe5 34. Rf8+ Nc8 35. Nc5 Rh2+ 36. Kc3 h3 37. Nxa6+ Kb7 38. Nc5+ Kb8 39. Nd7+
Kb7 40. Nxe5 Nb6 41. Rh8 Na4+ 42. Kd4 Rxc2 43. Rxh3 Rxa2 44. Nd7 Rb2 45. Nc5+
Kb6 46. Nxa4+ bxa4 47. Kc3 Re2 48. Rh5 a3 49. Ra5 a2 50. Kb3 c5 51. Rxa2 Rxa2
52. Kxa2 cxb4 53. d4 c5 54. Kb3 cxd4 55. Kxb4 d3 56. Kc3 Kc5 57. e5 d2 58. Kxd2
Kd5 1/2-1/2

[Event "Ïåðâåíñòâî Ìîñêâû"]
[Site "ÐœÐ¾Ñ�ÐºÐ²Ð°, ÐœÐ“Ð˜ÐœÐž Ð¿Ñ€."]
[Date "2018.11.20"]
[Round "4.8"]
[White "Kuzhelev, Timur"]
[Black "Beliuga, Mikhail"]
[Result "0-1"]
[WhiteElo "1595"]
[BlackElo "1908"]
[PlyCount "86"]
[EventDate "2018.11.18"]

1. e4 d6 2. d4 Nf6 3. f3 Nbd7 4. c4 e5 5. d5 g6 6. Nc3 Bg7 7. Bd3 O-O 8. Be3 a5
9. Nge2 Nc5 10. b3 Nh5 11. Qd2 Nf4 12. Nxf4 exf4 13. Bxc5 dxc5 14. O-O-O Bd7
15. a4 Qf6 16. Kc2 Rab8 17. Rhe1 Qe5 18. Rb1 c6 19. Ne2 g5 20. Qxa5 b5 21. axb5
Ra8 22. Qb6 Rfb8 23. Qxc5 cxb5 24. Rec1 bxc4 25. Bxc4 g4 26. Kd3 Qg5 27. Qd6
Qd8 28. Qxf4 Qb6 29. Qe3 Qb4 30. Nd4 Ra2 31. Rc2 Rba8 32. e5 Rxc2 33. Kxc2 Qe7
34. f4 Qh4 35. e6 Be8 36. h3 Qf6 37. Kd3 Kh8 38. hxg4 fxe6 39. Qe5 Qg6+ 40. Qe4
Qxg4 41. Nxe6 Bg6 42. Re1 Bxe4+ 43. Rxe4 Qxg2 {çàïèñü íå ÿñíà} 0-1

[Event "Ïåðâåíñòâî Ìîñêâû"]
[Site "ÐœÐ¾Ñ�ÐºÐ²Ð°, ÐœÐ“Ð˜ÐœÐž Ð¿Ñ€."]
[Date "2018.11.20"]
[Round "4.9"]
[White "Rodnikov, Alexei"]
[Black "Shatunov, Leonid"]
[Result "0-1"]
[WhiteElo "1416"]
[BlackElo "1967"]
[PlyCount "45"]
[EventDate "2018.11.18"]

1. e4 e6 2. d4 d5 3. Nc3 Bb4 4. e5 c5 5. a3 Bxc3+ 6. bxc3 Qa5 7. Bd2 Qa4 8. Qg4
g6 9. Ra2 Nc6 10. Nf3 Bd7 11. Bd3 c4 12. Be2 O-O-O 13. O-O h6 14. Qh4 Nge7 15.
Qf4 Rdf8 16. h3 g5 17. Qg4 Rfg8 18. Nh2 Qa5 19. Be1 Rh7 20. Qf3 h5 21. Qe3 Nf5
22. Qc1 Qd8 23. f3 {çàïèñü íå ÿñíà} 0-1

[Event "Ïåðâåíñòâî Ìîñêâû"]
[Site "ÐœÐ¾Ñ�ÐºÐ²Ð°, ÐœÐ“Ð˜ÐœÐž Ð¿Ñ€."]
[Date "2018.11.20"]
[Round "4.10"]
[White "Lupolov, Boris"]
[Black "Nikulshin, Alexey"]
[Result "1-0"]
[WhiteElo "1879"]
[BlackElo "1647"]
[PlyCount "67"]
[EventDate "2018.11.18"]

1. d4 d5 2. c4 e6 3. Nf3 Nf6 4. Bg5 Be7 5. e3 O-O 6. Nc3 Nbd7 7. Qc2 b6 8. cxd5
exd5 9. Bd3 Bb7 10. O-O c5 11. a3 c4 12. Bf5 g6 13. Bh3 a6 14. Rad1 b5 15. Ne5
Re8 16. f4 Rb8 17. Bh6 Bf8 18. Bg5 Be7 19. f5 Nxe5 20. dxe5 Ne4 21. Bxe7 Qxe7
22. Nxe4 dxe4 23. e6 fxe6 24. fxe6 Rf8 25. Qc3 Rxf1+ 26. Rxf1 Rf8 27. Rd1 Bc8
28. Qe5 Rf6 29. Qb8 Rf8 30. Rf1 Qc5 31. Rxf8+ Kxf8 32. Qxc8+ Qxc8 33. e7+ Kxe7
34. Bxc8 1-0

[Event "Ïåðâåíñòâî Ìîñêâû"]
[Site "ÐœÐ¾Ñ�ÐºÐ²Ð°, ÐœÐ“Ð˜ÐœÐž Ð¿Ñ€."]
[Date "2018.11.20"]
[Round "4.11"]
[White "Kozhukhov, Aleksandr"]
[Black "Shlykov, Yaroslav"]
[Result "0-1"]
[WhiteElo "1745"]
[BlackElo "1826"]
[PlyCount "78"]
[EventDate "2018.11.18"]

1. d4 Nf6 2. c4 g6 3. Nc3 Bg7 4. e4 d6 5. Nf3 O-O 6. Be2 e5 7. d5 a5 8. O-O Na6
9. Qc2 Nh5 10. a3 Nf4 11. Rb1 f5 12. b4 Nxe2+ 13. Qxe2 f4 14. Ne1 g5 15. f3 h5
16. Nd3 g4 17. c5 Qe8 18. cxd6 cxd6 19. b5 Nc7 20. a4 Qg6 21. Kh1 Ne8 22. Ba3
h4 23. Nb2 Qh5 24. Nc4 Rf6 25. b6 h3 26. gxh3 g3 27. Nb5 Bxh3 28. Rg1 gxh2 29.
Rxg7+ Kxg7 30. Nbxd6 Rg6 31. Nxe5 Bg2+ 32. Qxg2 Rxg2 33. Kxg2 Nxd6 34. Bxd6 Rh8
35. Kh1 Re8 36. Ng4 Qh3 37. Ne5 Rg8 38. Rc1 Kf6 39. Rc2 Rg1# 0-1

[Event "Ïåðâåíñòâî Ìîñêâû"]
[Site "ÐœÐ¾Ñ�ÐºÐ²Ð°, ÐœÐ“Ð˜ÐœÐž Ð¿Ñ€."]
[Date "2018.11.20"]
[Round "4.12"]
[White "Lutan, Gleb"]
[Black "Pavlov, Ivan"]
[Result "1-0"]
[WhiteElo "1762"]
[BlackElo "1511"]
[PlyCount "51"]
[EventDate "2018.11.18"]

1. d4 e6 2. c4 f5 3. g3 c6 4. Bg2 d5 5. Nf3 Nf6 6. Nc3 Bd6 7. cxd5 cxd5 8. O-O
a6 9. Bf4 Ne4 10. Bxd6 Qxd6 11. e3 Nd7 12. Rc1 O-O 13. Rc2 b5 14. Nd2 b4 15.
Ncxe4 fxe4 16. Nb3 a5 17. Nc5 Nxc5 18. Rxc5 Ba6 19. Re1 Bc4 20. b3 Ba6 21. Qg4
e5 22. Qg5 exd4 23. Rxd5 Qc7 24. Rxd4 Qc3 25. Red1 Be2 26. Qd5+ 1-0

[Event "Ïåðâåíñòâî Ìîñêâû"]
[Site "ÐœÐ¾Ñ�ÐºÐ²Ð°, ÐœÐ“Ð˜ÐœÐž Ð¿Ñ€."]
[Date "2018.11.20"]
[Round "4.13"]
[White "Zakirov, Artur"]
[Black "Akopjan, Gor"]
[Result "1/2-1/2"]
[WhiteElo "1747"]
[BlackElo "1524"]
[PlyCount "102"]
[EventDate "2018.11.18"]

1. e4 c5 2. Nf3 d6 3. d4 cxd4 4. Nxd4 Nf6 5. f3 a6 6. c4 g6 7. Nc3 Bg7 8. Be3
Bd7 9. Be2 O-O 10. Qb3 Nc6 11. O-O Qc7 12. Rad1 Rfe8 13. Rfe1 Rac8 14. Qa3 Nxd4
15. Bxd4 Bc6 16. b4 Nh5 17. Bxg7 Nxg7 18. b5 axb5 19. cxb5 Qb6+ 20. Kf1 Ra8 21.
Qb3 Bd7 22. Nd5 Qa5 23. Nc7 Qxa2 24. Qxa2 Rxa2 25. Nxe8 Nxe8 26. b6 Rb2 27. Rb1
Rxb1 28. Rxb1 Nf6 29. Ra1 Bc6 30. Ra7 Nd7 31. Ba6 Nc5 32. Bc4 Kg7 33. Ra1 Kf6
34. Ke2 Na4 35. Bd5 Nc3+ 36. Kd3 Nxd5 37. exd5 Bxd5 38. Kd4 Bc6 39. Rc1 e5+ 40.
Kd3 Bb5+ 41. Kc3 Ke6 42. Kb4 Ba6 43. Rc8 Kd7 44. Rf8 Ke7 45. Rc8 Kd7 46. Rc7+
Ke6 47. Ka5 d5 48. Rc6+ Kd7 49. Rc7+ Ke6 50. Rc6+ Kd7 51. Rc5 Kd6 1/2-1/2

[Event "Ïåðâåíñòâî Ìîñêâû"]
[Site "ÐœÐ¾Ñ�ÐºÐ²Ð°, ÐœÐ“Ð˜ÐœÐž Ð¿Ñ€."]
[Date "2018.11.20"]
[Round "4.14"]
[White "Metelkin, Zakhar"]
[Black "Gornostaev, Yakov"]
[Result "0-1"]
[WhiteElo "1436"]
[BlackElo "1831"]
[PlyCount "86"]
[EventDate "2018.11.18"]

1. c4 Nf6 2. Nc3 d5 3. cxd5 Nxd5 4. g3 Nxc3 5. bxc3 e5 6. Bg2 c6 7. d3 Bc5 8.
e4 O-O 9. Ne2 Nd7 10. O-O Nf6 11. h3 Bb6 12. Kh2 Re8 13. f4 exf4 14. gxf4 Bd7
15. e5 Ng4+ 16. Kg3 Nh6 17. d4 Re6 18. Be4 f5 19. Bf3 Rg6+ 20. Kf2 Qh4+ 21. Ke3
Qxh3 22. Kd2 Qh4 23. Rh1 Qe7 24. a4 Ng4 25. Ba3 Qd8 26. Qc2 Be6 27. Bd6 Bc7 28.
Bxc7 Qxc7 29. Rag1 Rf8 30. Rg2 Qf7 31. Qb1 Bd5 32. Bxd5 Qxd5 33. Rhg1 b6 34.
Ng3 Qf3 35. Nxf5 Qxf4+ 36. Ke1 Rxf5 37. Qb3+ Kh8 38. a5 Qe3+ 39. Kd1 Nf2+ 40.
Kc2 Qe4+ 41. Kb2 Rxg2 42. axb6 Nd3+ 43. Ka3 Rxg1 0-1

[Event "Ïåðâåíñòâî Ìîñêâû"]
[Site "ÐœÐ¾Ñ�ÐºÐ²Ð°, ÐœÐ“Ð˜ÐœÐž Ð¿Ñ€."]
[Date "2018.11.20"]
[Round "4.15"]
[White "Itkin, Alexander"]
[Black "Ivlev, Aleksandr"]
[Result "1/2-1/2"]
[WhiteElo "1399"]
[BlackElo "1748"]
[PlyCount "76"]
[EventDate "2018.11.18"]

1. e4 c5 2. Nc3 Nc6 3. f4 e6 4. Nf3 d5 5. d3 b6 6. Be2 a6 7. O-O d4 8. Nb1 Bb7
9. Qe1 Qc7 10. c3 O-O-O 11. Bd2 Nf6 12. Na3 Kb8 13. cxd4 Nxd4 14. Nxd4 Rxd4 15.
Be3 Rd7 16. Rc1 Qd8 17. Nc4 b5 18. Na5 Rc7 19. Nxb7 Kxb7 20. Qf2 Qc8 21. Bf3
Be7 22. d4 cxd4 23. Rxc7+ Qxc7 24. Rc1 Qd7 25. Bxd4 Rc8 26. Rxc8 Kxc8 27. Qc2+
Kd8 28. Bb6+ Ke8 29. e5 Nd5 30. Bxd5 Qxd5 31. Qc8+ Bd8 32. Qxd8+ Qxd8 33. Bxd8
Kxd8 34. Kf2 Kc7 35. Ke2 Kd7 36. Kf2 Kc7 37. Ke2 Kd7 38. Kf2 Kc7 1/2-1/2

[Event "Ïåðâåíñòâî Ìîñêâû"]
[Site "ÐœÐ¾Ñ�ÐºÐ²Ð°, ÐœÐ“Ð˜ÐœÐž Ð¿Ñ€."]
[Date "2018.11.20"]
[Round "4.16"]
[White "Gavrilov, Victor"]
[Black "Drobin, Maxim"]
[Result "1/2-1/2"]
[WhiteElo "1746"]
[BlackElo "1596"]
[PlyCount "58"]
[EventDate "2018.11.18"]

1. d4 d5 2. Nc3 e6 3. e4 dxe4 4. Nxe4 Nd7 5. Nf3 Ngf6 6. Nxf6+ Nxf6 7. Bg5 Be7
8. Bd3 O-O 9. c3 b6 10. Bxf6 Bxf6 11. Be4 Rb8 12. Qd3 h6 13. Ne5 Bxe5 14. dxe5
Qxd3 15. Bxd3 Bb7 16. f3 Rfd8 17. O-O-O Kf8 18. Rd2 Ke7 19. Rhd1 Rd7 20. Kc2
Bc6 21. c4 Rbd8 22. Kc3 a5 23. a3 Bb7 24. b4 axb4+ 25. axb4 Ra8 26. Kb3 Rad8
27. Kc3 Ra8 28. Kb3 Rad8 29. Kc3 Ra8 1/2-1/2

[Event "Ïåðâåíñòâî Ìîñêâû"]
[Site "ÐœÐ¾Ñ�ÐºÐ²Ð°, ÐœÐ“Ð˜ÐœÐž Ð¿Ñ€."]
[Date "2018.11.20"]
[Round "4.17"]
[White "Sauri, Georgy"]
[Black "Sharapov, Mihail"]
[Result "1/2-1/2"]
[WhiteElo "1442"]
[BlackElo "1628"]
[PlyCount "71"]
[EventDate "2018.11.18"]

1. e4 c6 2. d4 d5 3. Nd2 dxe4 4. Nxe4 Nf6 5. Nxf6+ exf6 6. Bc4 Bd6 7. Qe2+ Qe7
8. Qxe7+ Kxe7 9. Be3 Be6 10. Bxe6 fxe6 11. Nf3 Nd7 12. O-O-O Rad8 13. Rhe1 Rhe8
14. Nd2 Kf7 15. Ne4 Nb6 16. Nxd6+ Rxd6 17. Bf4 Rd7 18. b3 Nd5 19. Bd2 e5 20.
Re4 exd4 21. Rxd4 Red8 22. c4 Ne7 23. Bc3 Rxd4 24. Rxd4 Rxd4 25. Bxd4 a6 26.
Kd2 Ke6 27. Kd3 Kd6 28. h3 c5 29. Bc3 Nc6 30. a3 Ne5+ 31. Ke4 Nc6 32. Kd3 Nd8
33. g3 Ne6 34. h4 Nd8 35. Bb2 Nc6 36. Bc3 1/2-1/2

[Event "Ïåðâåíñòâî Ìîñêâû"]
[Site "ÐœÐ¾Ñ�ÐºÐ²Ð°, ÐœÐ“Ð˜ÐœÐž Ð¿Ñ€."]
[Date "2018.11.20"]
[Round "4.18"]
[White "Morozov, Fedor"]
[Black "Golitsyn, Georgiy"]
[Result "0-1"]
[WhiteElo "1490"]
[BlackElo "1283"]
[PlyCount "45"]
[EventDate "2018.11.18"]

1. e4 e6 2. d4 d5 3. exd5 exd5 4. Bd3 Bd6 5. Ne2 Nf6 6. Nbc3 c6 7. Bg5 Be6 8.
Qd2 Nbd7 9. O-O-O b5 10. f3 Qa5 11. Nf4 b4 12. Nb1 Bxf4 13. Qxf4 Qxa2 14. Rde1
Nb6 15. Bxf6 gxf6 16. Qd6 Rc8 17. Bf5 Qxb2+ 18. Kxb2 Nc4+ 19. Kb3 Nxd6 20. Bxe6
fxe6 21. Rxe6+ Kd7 22. Rxf6 a5 23. Ka4 {çàïèñü íå ÿñíà} 0-1

[Event "Ïåðâåíñòâî Ìîñêâû"]
[Site "ÐœÐ¾Ñ�ÐºÐ²Ð°, ÐœÐ“Ð˜ÐœÐž Ð¿Ñ€."]
[Date "2018.11.20"]
[Round "4.19"]
[White "Morozov, Vladimir"]
[Black "Agashin, Aleksandr"]
[Result "0-1"]
[WhiteElo "1804"]
[BlackElo "1567"]
[PlyCount "102"]
[EventDate "2018.11.18"]

1. e4 c5 2. Nf3 d6 3. d4 cxd4 4. Qxd4 Nc6 5. Bb5 Bd7 6. Bxc6 Bxc6 7. c4 Nf6 8.
Nc3 g6 9. Bg5 Bg7 10. Nd5 O-O 11. Qd3 Bxd5 12. exd5 Nd7 13. Be3 Qc7 14. Bd4
Qa5+ 15. Qd2 Qxd2+ 16. Kxd2 Rac8 17. Rac1 Nc5 18. Bxc5 Rxc5 19. b4 Rc7 20. Kd3
Rfc8 21. Nd4 Bxd4 22. Kxd4 b6 23. Rc2 a5 24. Rb1 b5 25. bxa5 Rxc4+ 26. Rxc4
Rxc4+ 27. Ke3 Ra4 28. Rxb5 Rxa2 29. h4 Kg7 30. g3 Kf6 31. g4 Ra4 32. f3 Ke5 33.
Rb7 Rxa5 34. Rxe7+ Kf6 35. Re4 Rxd5 36. g5+ Kf5 37. Rf4+ Ke6 38. Rf6+ Ke7 39.
Ke4 Re5+ 40. Kf4 Re6 41. Rxe6+ fxe6 42. Ke4 Kd7 43. f4 Kc6 44. Kd4 Kb5 45. Kd3
Kc5 46. Ke3 Kd5 47. Kd3 e5 48. f5 gxf5 49. h5 Ke6 50. Ke3 f4+ 51. Kf3 Kf5 0-1

[Event "Ïåðâåíñòâî Ìîñêâû"]
[Site "ÐœÐ¾Ñ�ÐºÐ²Ð°, ÐœÐ“Ð˜ÐœÐž Ð¿Ñ€."]
[Date "2018.11.21"]
[Round "5.1"]
[White "Makarian, Rudik"]
[Black "Perov, German"]
[Result "1-0"]
[WhiteElo "2354"]
[BlackElo "2187"]
[PlyCount "91"]
[EventDate "2018.11.18"]

1. c4 Nf6 2. d4 e6 3. g3 d5 4. Bg2 dxc4 5. Qa4+ Nbd7 6. Qxc4 a6 7. Qc2 c5 8.
dxc5 Bxc5 9. Nf3 O-O 10. O-O Qe7 11. a3 Rb8 12. b4 Bd6 13. Bb2 b5 14. Nd4 Bb7
15. Bxb7 Rxb7 16. Nc6 Qe8 17. Rd1 Bc7 18. Nd2 e5 19. Nb3 Qe6 20. Nba5 Qh3 21.
Ne7+ Kh8 22. Qc6 Ng4 23. Qg2 Qxg2+ 24. Kxg2 Bxa5 25. bxa5 Nc5 26. Rac1 Na4 27.
Rc8 Rxc8 28. Nxc8 h5 29. Ba1 f6 30. Rc1 Rb8 31. Nd6 Nh6 32. f4 exf4 33. gxf4 b4
34. Rc4 Ng4 35. Rxb4 Ne3+ 36. Kf3 Rxb4 37. axb4 Nc2 38. b5 axb5 39. a6 Nb6 40.
Bb2 Nb4 41. a7 Nc6 42. Nxb5 Kg8 43. Ke4 Kf7 44. Bd4 Na8 45. Kd5 Nd8 46. Kd6 1-0

[Event "Ïåðâåíñòâî Ìîñêâû"]
[Site "ÐœÐ¾Ñ�ÐºÐ²Ð°, ÐœÐ“Ð˜ÐœÐž Ð¿Ñ€."]
[Date "2018.11.21"]
[Round "5.2"]
[White "Zhukov, Anton"]
[Black "Orlov, Aleksandr"]
[Result "1-0"]
[WhiteElo "2151"]
[BlackElo "1872"]
[PlyCount "81"]
[EventDate "2018.11.18"]

1. d4 Nf6 2. Nf3 d5 3. c4 e6 4. Nc3 Be7 5. Bf4 O-O 6. e3 b6 7. Be2 Bb7 8. Qb3
dxc4 9. Bxc4 Nc6 10. Be2 Nb4 11. O-O Nbd5 12. Bg3 Nxc3 13. bxc3 Ne4 14. Be5 Bd6
15. Rfd1 Ng5 16. Bg3 Nxf3+ 17. Bxf3 Bxf3 18. gxf3 h5 19. Qb5 f5 20. Bxd6 cxd6
21. f4 Qh4 22. Qe2 d5 23. Kh1 Rac8 24. Rac1 Qg4 25. f3 Qh4 26. Rg1 Qf6 27. Rg5
g6 28. c4 Rf7 29. Rcg1 Rg7 30. cxd5 exd5 31. Qg2 Kh7 32. e4 dxe4 33. fxe4 fxe4
34. Qxe4 Kh6 35. Re5 Rf7 36. Reg5 Rg8 37. Qe3 Qc6+ 38. d5 Qc5 39. Qe6 Qf2 40.
Rxh5+ Kxh5 41. Qg4+ 1-0

[Event "Ïåðâåíñòâî Ìîñêâû"]
[Site "ÐœÐ¾Ñ�ÐºÐ²Ð°, ÐœÐ“Ð˜ÐœÐž Ð¿Ñ€."]
[Date "2018.11.21"]
[Round "5.3"]
[White "Beliuga, Mikhail"]
[Black "Sekoyan, Vachagan"]
[Result "0-1"]
[WhiteElo "1908"]
[BlackElo "1817"]
[PlyCount "90"]
[EventDate "2018.11.18"]

1. d4 g6 2. e4 Bg7 3. Nc3 d5 4. exd5 Nf6 5. Bc4 Nbd7 6. Bg5 Nb6 7. Bxf6 Bxf6 8.
Bb3 O-O 9. Nge2 c6 10. dxc6 bxc6 11. Ne4 Bg7 12. c3 Qc7 13. O-O e5 14. dxe5
Qxe5 15. N2g3 a5 16. Qd6 Qxd6 17. Nxd6 a4 18. Nc4 Nd5 19. Bc2 Ba6 20. b3 Bxc3
21. Rac1 Rab8 22. Rfd1 f5 23. Ne5 Ne3 24. fxe3 Bb2 25. Rb1 a3 26. Rd6 Rfd8 27.
Rbd1 Rxd6 28. Rxd6 Bb5 29. Kf2 Re8 30. Bd3 Rxe5 31. Nf1 Rc5 32. Bxb5 cxb5 33.
Ke2 Kf7 34. Rd2 Ke6 35. Kf3 Rc1 36. Ng3 Ra1 37. e4 Rxa2 38. Ne2 Ra1 39. Nf4+
Kf7 40. Rd7+ Ke8 41. Ra7 a2 42. Ke2 b4 43. exf5 gxf5 44. Nd5 Ba3 45. Nf6+ Kd8
0-1

[Event "Ïåðâåíñòâî Ìîñêâû"]
[Site "ÐœÐ¾Ñ�ÐºÐ²Ð°, ÐœÐ“Ð˜ÐœÐž Ð¿Ñ€."]
[Date "2018.11.21"]
[Round "5.4"]
[White "Kurkin, Aleksandr"]
[Black "Kretov, Leonid"]
[Result "0-1"]
[WhiteElo "1556"]
[BlackElo "2152"]
[PlyCount "82"]
[EventDate "2018.11.18"]

1. d4 d5 2. c4 c6 3. Nc3 Nf6 4. Nf3 e6 5. Bg5 Be7 6. e3 O-O 7. Qc2 Nbd7 8. Rc1
b6 9. a3 Bb7 10. Bd3 h6 11. h4 dxc4 12. Bxc4 c5 13. Rh3 cxd4 14. Nxd4 Ne5 15.
Bxe6 fxe6 16. Rd1 Qc8 17. f3 hxg5 18. hxg5 Ne4 19. fxe4 Bxg5 20. Qe2 Ba6 21.
Qh5 Rf1+ 22. Kd2 Nc4+ 23. Kc2 Rxd1 24. Kxd1 Nxe3+ 25. Kc1 Bh6 26. Qg6 Nf5+ 27.
Rxh6 Nxh6 28. Nxe6 Qd7 29. Ng5 Bc4 30. Qh7+ Kf8 31. Qg6 Qe7 32. Nd5 Bxd5 33.
exd5 Qc5+ 34. Kb1 Qxd5 35. Nh7+ Ke7 36. Qxg7+ Nf7 37. Qf6+ Kd7 38. Qg6 Kc7 39.
g4 Re8 40. Qc2+ Kb7 41. b3 Qe4 0-1

[Event "Ïåðâåíñòâî Ìîñêâû"]
[Site "ÐœÐ¾Ñ�ÐºÐ²Ð°, ÐœÐ“Ð˜ÐœÐž Ð¿Ñ€."]
[Date "2018.11.21"]
[Round "5.5"]
[White "Shatunov, Leonid"]
[Black "Gotsiuk, Denis"]
[Result "1/2-1/2"]
[WhiteElo "1967"]
[BlackElo "1895"]
[PlyCount "27"]
[EventDate "2018.11.18"]

1. d4 c5 2. c3 cxd4 3. cxd4 d5 4. Nc3 Nc6 5. Bf4 Nf6 6. e3 a6 7. Bd3 Bg4 8. f3
Bh5 9. Nge2 e6 10. O-O Bg6 11. Rc1 Bd6 12. Bxd6 Qxd6 13. Bxg6 hxg6 14. Ng3 {
çàïèñü íå ÿñíà} 1/2-1/2

[Event "Ïåðâåíñòâî Ìîñêâû"]
[Site "ÐœÐ¾Ñ�ÐºÐ²Ð°, ÐœÐ“Ð˜ÐœÐž Ð¿Ñ€."]
[Date "2018.11.21"]
[Round "5.6"]
[White "Plaksin, Igor"]
[Black "Belikov, Semen"]
[Result "1/2-1/2"]
[WhiteElo "1893"]
[BlackElo "1959"]
[PlyCount "59"]
[EventDate "2018.11.18"]

1. e4 e5 2. Nf3 Nc6 3. Bb5 Bc5 4. c3 f5 5. d4 fxe4 6. Bxc6 exf3 7. Bxf3 exd4 8.
cxd4 Bb4+ 9. Nc3 Qe7+ 10. Be3 Nf6 11. O-O Bxc3 12. bxc3 O-O 13. Re1 Qf7 14. d5
d6 15. c4 b6 16. Bd4 Bd7 17. Qd3 Rfe8 18. Qc3 Rxe1+ 19. Rxe1 Re8 20. h3 Rxe1+
21. Qxe1 Qe8 22. Qd2 Qg6 23. Kh2 Bf5 24. Qe3 Qe8 25. Qg5 Qg6 26. Qe3 Qe8 27.
Qg5 Qg6 28. Qe3 Qe8 29. Qg5 Qg6 30. Qe3 1/2-1/2

[Event "Ïåðâåíñòâî Ìîñêâû"]
[Site "ÐœÐ¾Ñ�ÐºÐ²Ð°, ÐœÐ“Ð˜ÐœÐž Ð¿Ñ€."]
[Date "2018.11.21"]
[Round "5.7"]
[White "Lukyanenko, Artemiy"]
[Black "Lupolov, Boris"]
[Result "1/2-1/2"]
[WhiteElo "1921"]
[BlackElo "1879"]
[PlyCount "68"]
[EventDate "2018.11.18"]

1. d4 Nf6 2. Nf3 e6 3. e3 d5 4. Bd3 c5 5. b3 Nbd7 6. O-O g6 7. Bb2 Bg7 8. c4
O-O 9. Nbd2 b6 10. Qc2 Bb7 11. Rac1 Rc8 12. Rfd1 Qc7 13. cxd5 Nxd5 14. Bb5 cxd4
15. Nxd4 Nc5 16. Bc4 Rfd8 17. a3 a6 18. a4 Nf4 19. exf4 Bxd4 20. Nf1 Bxb2 21.
Qxb2 a5 22. Ne3 Rxd1+ 23. Rxd1 Rd8 24. Qe2 Rxd1+ 25. Qxd1 Qd7 26. Qxd7 Nxd7 27.
Bb5 Nc5 28. Nc4 Bd5 29. f3 Kf8 30. Kf2 Kg8 31. Kg1 Kf8 32. Kf2 Kg8 33. Kg1 Kf8
34. Kf2 Kg8 1/2-1/2

[Event "Ïåðâåíñòâî Ìîñêâû"]
[Site "ÐœÐ¾Ñ�ÐºÐ²Ð°, ÐœÐ“Ð˜ÐœÐž Ð¿Ñ€."]
[Date "2018.11.21"]
[Round "5.8"]
[White "Pak, Nikita"]
[Black "Lutan, Gleb"]
[Result "1-0"]
[WhiteElo "1916"]
[BlackElo "1762"]
[PlyCount "107"]
[EventDate "2018.11.18"]

1. e4 c5 2. Nf3 e6 3. d4 cxd4 4. Nxd4 Nc6 5. Nc3 Qc7 6. Be3 a6 7. Be2 Nf6 8.
O-O Be7 9. Kh1 O-O 10. f4 d6 11. Bf3 Rd8 12. Qe2 Na5 13. Na4 Rb8 14. b3 b5 15.
Nb2 Bb7 16. Bd2 Nc6 17. Nxc6 Bxc6 18. c4 Qb7 19. Rfe1 Nd7 20. Nd3 Bh4 21. g3
Bf6 22. Rac1 Qa8 23. cxb5 Rxb5 24. Rxc6 Qxc6 25. e5 Qc2 26. exf6 Nxf6 27. Nb4
Qc5 28. Rc1 Qxc1+ 29. Bxc1 Rxb4 30. Qxa6 d5 31. Ba3 Rbb8 32. Qe2 Rbc8 33. Bb2
Nd7 34. Bg4 Rc6 35. f5 e5 36. f6 Nxf6 37. Qxe5 Re8 38. Qf5 g6 39. Qf4 Nxg4 40.
Qxg4 Re1+ 41. Kg2 Rc2+ 42. Kf3 Ree2 43. Bc3 Re6 44. Qd4 f6 45. a4 Kf7 46. a5 h5
47. Bb4 g5 48. h3 f5 49. Qxd5 g4+ 50. Kf4 Rce2 51. hxg4 R2e4+ 52. Kxf5 hxg4 53.
Qxe4 Rxe4 54. Kxe4 1-0

[Event "Ïåðâåíñòâî Ìîñêâû"]
[Site "ÐœÐ¾Ñ�ÐºÐ²Ð°, ÐœÐ“Ð˜ÐœÐž Ð¿Ñ€."]
[Date "2018.11.21"]
[Round "5.9"]
[White "Shlykov, Yaroslav"]
[Black "Vetokhin, Savva"]
[Result "0-1"]
[WhiteElo "1826"]
[BlackElo "1874"]
[PlyCount "48"]
[EventDate "2018.11.18"]

1. e4 c5 2. c3 Nf6 3. e5 Nd5 4. d4 cxd4 5. cxd4 d6 6. exd6 Qxd6 7. Nc3 Nc6 8.
Nf3 g6 9. Bc4 Nf6 10. Bb3 Bg7 11. Ne4 Qd8 12. Be3 O-O 13. Qd2 Bg4 14. Rd1 e5
15. d5 Nd4 16. Bxd4 exd4 17. Qf4 Bf5 18. Nd6 Nxd5 19. Bxd5 Qa5+ 20. Kf1 Qxd5
21. Nxf5 gxf5 22. Nh4 Qe4 23. Qg5 Rfe8 24. Qh5 d3 0-1

[Event "Ïåðâåíñòâî Ìîñêâû"]
[Site "ÐœÐ¾Ñ�ÐºÐ²Ð°, ÐœÐ“Ð˜ÐœÐž Ð¿Ñ€."]
[Date "2018.11.21"]
[Round "5.10"]
[White "Buniatyan, David"]
[Black "Kuzhelev, Timur"]
[Result "1-0"]
[WhiteElo "1827"]
[BlackElo "1595"]
[PlyCount "66"]
[EventDate "2018.11.18"]

1. e4 e5 2. Nf3 d5 3. exd5 e4 4. Qe2 Nf6 5. Nc3 Be7 6. Nxe4 Nxd5 7. Nc3 O-O 8.
Nxd5 Qxd5 9. Qxe7 Bg4 10. Qe5 Bxf3 11. Qxd5 Bxd5 12. f3 Nc6 13. c3 Rfe8+ 14.
Kf2 Re7 15. d4 Na5 16. b3 b6 17. Ba3 c5 18. c4 Be6 19. Bd3 Rd8 20. d5 Bxd5 21.
cxd5 Rxd5 22. Rhd1 Red7 23. Bc2 Nc6 24. Rxd5 Rxd5 25. Rd1 Nd4 26. Bb2 Kf8 27.
Bxd4 cxd4 28. Be4 Rd6 29. Ke2 Ke7 30. Kd3 f5 31. Re1 Kf6 32. f4 g5 33. fxg5+
Kxg5 {çàïèñü íå ÿñíà} 1-0